Open Data Biblioteca Nacional de Portugal


República Portuguesa: Ministério da Cultura
Biblioteca Nacional de Portugal

Catálogo da BNP: acesso por Identificadores Unívocos
Registos Bibliográficos associados ao registo de autoridade

Etiqueta de registo: 00254nam 2200025 450
001 2284643
003 http://id.bnportugal.gov.pt/bib/catbnp/2284643
100 ## $a20260417d2025 k y0pory01030103ba
101 0# $apor$deng
102 ## $aPT
105 ## $aa m 000yy
106 ## $ar
200 1# $aWizard user$e um agente inteligente na otimização de processos de ensino-aprendizagem on-line$fCarlos Eduardo Ferrão de Azevedo$gorient. José Manuel Emiliano Bidarra de Almeida, Vítor Jorge Ramos Rocio
210 #9 $a[S.l.$cs.n.],$d2025
215 ## $aXIII, 180 p.$cil.$d31 cm
328 #1 $aTese dout. Ciência e Tecnologia Web, Universidade Aberta, Universidade de Trás-os-Montes e Alto Douro, 2025
700 #1 $aAzevedo,$bCarlos Eduardo Ferrão de$31996115
702 #1 $95$aRocio,$bVitor Jorge Ramos$4727$31495057
702 #1 $aAlmeida,$bJosé Manuel Emiliano Bidarra de,$f1959-$4727$31034110
801 #0 $aPT$bBN$gRPC
966 ## $lBN$mFGMON$x1
971 ## $cssilva$d20260417

OpendataBNP@bnportugal.pt | Mais informação sobre acesso aos dados BNP